Química 1º Medio: Texto para el estudiante
שמור ב:
| מחבר ראשי: | |
|---|---|
| פורמט: | ספר |
| שפה: | ספרדית |
| יצא לאור: |
Santiago
Cal y Canto
2009
|
| מהדורה: | 1a. ed |
| נושאים: | |
| תגים: |
הוספת תג
אין תגיות, היה/י הראשונ/ה לתייג את הרשומה!
|
MARC
| LEADER | 00000nam a2200000 a 4500 | ||
|---|---|---|---|
| 001 | UCG0090 | ||
| 003 | CL-VaPUC | ||
| 008 | 100312e20090000CL |||||||||||||||||spa|d | ||
| 020 | |a 9789568623319 | ||
| 082 | 0 | 4 | |a 540.712 |b CAB |2 21 |
| 100 | 0 | |a Cabello Bravo, María Isabel |e author |9 547471 | |
| 245 | 1 | 0 | |a Química 1º Medio: Texto para el estudiante |
| 250 | |a 1a. ed | ||
| 300 | |a 214 p | ||
| 942 | |c BK | ||
| 945 | |d 20100312 00:00:00 |a rbrito | ||
| 260 | |a Santiago |b Cal y Canto |c 2009 | ||
| 650 | 0 | |a Enseñanza de la química |9 339845 | |
| 650 | 0 | |a Métodos de enseñanza |9 270413 | |
| 650 | 0 | |a Libros de texto |9 270019 | |
| 583 | |a last modification |c 20171004 12:17:29 |k Rodrigo Vera | ||
| 999 | |c 339841 |d 339839 | ||
| 952 | |0 0 |1 0 |4 0 |6 540_712000000000000_CAB_2009 |7 0 |8 A |9 434062 |a BIBEDU |b BIBEDU |d 2019-11-22 |i 4638794 |o 540.712 CAB 2009 |p 4638794 |r 2019-11-22 |w 2019-11-22 |y BK |k EPE | ||